| 000 | 00796nam a22001337a 4500 | ||
|---|---|---|---|
| 040 | _cRUA | ||
| 082 | _aAVM PON 2009 B086 Or.1 | ||
| 100 | _aPON, CHANNAK. | ||
| 245 | _aEffect of using winged bean as concentrate feed for growing quail at animal experimentation station of royal university of agriculture, ឥទ្ធិពលនៃការប្រើប្រាស់ស្លឹកពពាយជាចំនីផ្សំលើក្រយចសាច់ នៅស្ថានីយ៏ចិញ្ចឹមសត្វនៃសាកលវិទ្យាល័យភូមិន្ទកសិកម្ម | ||
| 260 |
_aPhnom Penh _bRUA _c2009 |
||
| 300 |
_ax; 39p. _bill. _c29cm. |
||
| 856 | _uhttps://drive.google.com/file/d/1hk_uP1ZI16pcz2pnduzpbPv-P6b6U2XB/view?usp=sharing | ||
| 942 | _cAVM | ||
| 999 |
_c2310 _d2310 |
||